000
00318nam a2200109Ia 4500
100
_a
Kumar A.S.S.
245
4
_a
The Karnataka State Universities Act, 2000 (KK Act No. 29 of 2001)
264
_b
Sun publishing House
_a
Bangalore
300
_a
222
942
_c
IR
999
_c
120780
_d
120780